000 00699nam0a22002411 4500
001 v19\rc\1964165
005 20250619213425.0
035 _a(NLR Aleph) 005047619
090 _a6860267
_c6860267
100 _a20080428d1914 |||y0rusy50 ca
101 0 _arus
102 _aRU
105 _ay z |||a|
200 1 _aПозорная дуэль
_eЮморист. рассказ
_f[Соч.] Хр. Шухмина
210 _aМосква
_d1914
215 _aXVI с.
700 1 _aШухмин
_bХ.А.
_gХристофор Алексеевич
801 0 _aRU
_bNLR
_gpsbo
801 0 _aRU
_bRuMoRGB
_2psbo
801 1 _aRU
_bProSoft-M
_2rusmarc
852 _aNLR
_j18.281.8.55
942 _cBOOK
980 _aNB